• 首页
  • 本馆介绍
  • 公告通知
  • 最新文献
  • 馆藏检索
  • 电子资源
  • 读者导购
  • 参考咨询
  • 我的图书馆
  • 登录
  • 详细信息显示
  • 放入我的书架
  • 预约/预借图书
  • 作者相关作品
  • 分类相关作品
  • 丛书相关作品
  • 出版社相关作品

书目信息

  • 表格格式
  • 工作单格式
  • 卡片格式
题名:
中国铁路建设
    
 
作者: 郝瀛 编
分册:  
出版信息: 峨眉   西南交通大学出版社  1988.4
页数: 173页
开本: 20厘米
丛书名:
单 册:
中图分类: F532.3
科图分类:
主题词: 铁路--建设--概况--中国
电子资源:
ISBN: 7-81022-025-X
000 00807nam0 2200241 45
001 0188011473
005 20060809105644.06
010    @a7-81022-025-X@dCNY1.40
020    @aCN@b88011473
100    @a19910415d1988 m y0chiy0120 ea
101 0  @achi
102    @aCN@b510000
105    @af z 000yy
200 10 @a中国铁路建设@Azhong guo tie lu jian she@f郝 瀛编@Fhao ying bian
210    @a峨眉@c西南交通大学出版社@d1988.4
215    @a173页@c照片@d20厘米
330    @a本书主要阐述中国铁路建设概况,简要介绍铁路建设的方针政策、经济效益问题和国外铁路发展动向,并介绍了必要的铁路建设基础知识。
540 1  @a中国铁路建设@Azhong guo tie lu jian she
606    @a铁路@x建设@x概况@y中国
690    @aF532.3@v1980
701  0 @a郝瀛@Ahao ying@4编
801  0 @aCN@bTSSF@c20060809
905    @a10447@dF532.3@e4
    
    中国铁路建设/郝 瀛编.-峨眉:西南交通大学出版社,1988.4
    173页:照片;20厘米
    
    
    ISBN 7-81022-025-X:CNY1.40
    本书主要阐述中国铁路建设概况,简要介绍铁路建设的方针政策、经济效益问题和国外铁路发展动向,并介绍了必要的铁路建设基础知识。
●
相关链接 在E读中查询图书 在五车中查询图书 在当当中查询图书 在豆瓣中查询图书


正题名:中国铁路建设     索取号:F532.3/4         预约/预借

序号 登录号 条形码 馆藏地/架位号 状态 备注
1 0449989   204499890   密集书库/ [索取号:F532.3/4] 在馆    
唐山师范学院图书馆 欢迎您!
大连网信软件有限公司© 版权所有